| 000 | 01172nem0a2200313 4500 | ||
|---|---|---|---|
| 001 | RU\NLR\cart\925 | ||
| 005 | 20250617203733.0 | ||
| 010 | _a1-55198-344-3 | ||
| 035 | _a(NLR Aleph) 004271064 | ||
| 090 |
_a2250414 _c2250414 |
||
| 100 | _a20030312d1999 |||y0rusy50 ca | ||
| 101 | 0 | _aeng | |
| 102 | _aRU | ||
| 120 | _abay xx|| | ||
| 123 | 1 |
_aa _b31 250 |
|
| 200 | 1 |
_aToronto _eEast York, Etobicoke, North York, Scarborough, York _fPubl. by Peter Heiler Ltd. _bКарты |
|
| 206 | _a1:31 250, 312,5 м в 1 см.; Граф. м-б в км и милях | ||
| 210 |
_aOntario _cMapArt _d1999 |
||
| 215 |
_a1 к. _cцв., указ _d70 х 101 см, слож. 23 х 10 см |
||
| 327 | 1 | _aТуристский план Торонто.- Доп. карта: Downtown Toronto.-1:14 300 | |
| 509 | 0 | 1 |
_7ca _aТоронто, _hгород _92633658 _3RU\NLR\auth_crt\55482 |
| 606 | 0 |
_aПланы _92177709 _3RU\NLR\auth_crt\662 |
|
| 608 |
_aТуристские карты _91327502 _3RU\NLR\AUTH\66551871 |
||
| 620 |
_aКанада _dОнтарио |
||
| 801 | 0 |
_aRU _bNLR _c20030312 _gPSBO |
|
| 852 |
_aNLR _bК _j4-Ампл 4/75 _m80611 |
||
| 942 | _cMAP | ||
| 980 | _aNB | ||